|
|
|
|
| LEADER |
00000nab a2200000 a 4500 |
| 001 |
vtls010426472 |
| 003 |
SK-MaSNL |
| 005 |
20260304011056.0 |
| 008 |
120530c2012 xo wrzp 0 0slo |
| 038 |
|
|
|a RVGKPD
|
| 040 |
|
|
|a RVGKPD
|b slo
|c RVGKPD
|e AACR2
|
| 041 |
0 |
|
|a slo
|
| 044 |
|
|
|a xo
|c SK
|
| 080 |
|
|
|a 392.89
|2 1997
|
| 080 |
|
|
|a 343.61
|2 1997
|
| 100 |
1 |
|
|a Jakubová, Vanda
|4 aut
|9 1085799
|
| 245 |
1 |
0 |
|a Po roku
|b rodinu kanibala Mateja Čurka majú susedia radi
|c Vanda Jakubová
|
| 246 |
3 |
|
|a Vražda Talianky sa nepotvrdila
|
| 300 |
|
|
|b Fotogr.
|
| 650 |
0 |
7 |
|a vraždy
|2 rvgkpd
|9 2234
|
| 650 |
0 |
7 |
|a kanibali
|2 rvgkpd
|9 85283
|
| 651 |
|
7 |
|a Sokoľ (Slovensko)
|2 rvgkpd
|9 30359
|
| 773 |
0 |
|
|t Plus 7 dní
|g Roč. XXII, č. 19 (2012), s. 66-68
|x 1210-4040
|
| 852 |
|
|
|a RVGKPD
|b KIS3G
|
| 856 |
4 |
1 |
|u http://www.pluska.sk/plus-7-dni/ludia/ako-zije-rodina-kanibala-mteja-curka.html
|
| 992 |
|
|
|a RBX
|
| 999 |
|
|
|c 2564463
|d 2566393
|